000 00397nam a22001457a 4500
003 OSt
008 190516b ||||| |||| 00| 0 eng d
020 _a9789385516801
082 _a621.367
_bEMA/GE
100 _aEmayavaramban, V
_94044
245 _aGeospatial Technology Fundamentals and Applications
260 _aNew Delhi
_bNew india Publishing Agency
_c2017
300 _a176 p.
942 _cBK
999 _c15560
_d15560